Statistics for Goethe Quiz - English

Click here to take the quiz!

General Stats

  • This quiz has been taken 90 times
  • The average score is 9 of 14

Answer Stats

HintAnswer% Correct
English author he revered, especially for "Hamlet"William Shakespeare
95%
French emperor from whom he received the Legion of HonorNapoleon Bonaparte
89%
Drama about a Doctor whom Marlowe and Mann also wrote aboutFaust
88%
Town in which he settled in 1775 (think German Republic between the World Wars)Weimar
80%
Goethe was part of this "secret" society, as well as fourteen US presidentsFreemasons
78%
Literary movement he used to be a part of (translated as "Storm and Drive")Sturm und Drang
66%
Country he famously journeyed through 1786-88Italy
65%
Hymn about a Greek hero who brought fire to humanityPrometheus
65%
City of birthFrankfurt am Main
61%
Novel about a tragic lover who commits suicide: "The Sorrows of Young ___"Werther
60%
Diabolic character with whom the same Doctor makes a pactMephistopheles
54%
What is his scientific work "Zur Farbenlehre" concerned with? Theory of Color
54%
Fellow poet he was friends with 1794-1805Friedrich Schiller
53%
Ballad about a magician's student that was adapted with Mickey Mouse in "Fantasia"The Sorcerer's Apprentice
39%

Score Distribution

Percentile by Number Answered

Percent of People with Each Score

Your Score History

You have not taken this quiz